| 000 | 00540nam a2200169 a 4500 | ||
|---|---|---|---|
| 001 | 000042322 | ||
| 005 | 20201002040058.0 | ||
| 008 | 131125s2013 dr f 000 0 spa d | ||
| 040 |
_aDO-SdBNP _bspa _cBNPHU |
||
| 082 |
_axxx _bxxxx |
||
| 100 | 1 |
_aPimentel, Thimo _96477 |
|
| 245 | 1 | 4 |
_aLos cilindros del arte furtivo. / _cThimo Pimentel. |
| 260 |
_a[Santo Domingo], : _bFundación Igneri Arte y Arqueología, _c[2013]? |
||
| 300 |
_a20 p. aprox : _blam. ; _c23 cm. |
||
| 490 | 1 |
_aFundación imagen _v83 |
|
| 830 | 0 |
_aFundación imagen _v83 _969377 |
|
| 999 |
_c41811 _d41811 |
||